[Event "Julian Mazur Memorial"]
[Site "Wellington Chess Club"]
[Date "2013.11.21"]
[Round "5"]
[White "Roberts, Michael"]
[Black "Stracy, Don"]
[Result "1-0"]
[WhiteElo "1781"]
[BlackElo "1851"]

1. e4 c5 2. Nf3 e6 3. d4 cxd4 4. Nxd4 Nf6 5. Nc3 Nc6 6. Ndb5 Bb4 7. a3 Bxc3+ 8.
Nxc3 d5 9. exd5 Nxd5 10. Nxd5 Qxd5 11. Qxd5 exd5 12. Bf4 Bf5 13. O-O-O O-O-O
14. Bd3 Bxd3 15. Rxd3 Rhe8 16. Rhd1 Re4 17. Bg3 d4 18. f3 Re2 19. R3d2 Rde8 20.
Rxe2 Rxe2 21. Rd2 Re7 22. Kd1 b5 23. Re2 Kd7 24. Rxe7+ Kxe7 25. Kd2 Ke6 26. f4
g6 27. Kd3 Kd5 28. b3 a6 29. Bf2 h5 30. h3 a5 31. Bg1 b4 32. a4 f5 33. Bf2 Kc5
34. Bh4 Kd5 35. Bf6 Kc5 36. h4 Kd5 37. Bg7 Kc5 38. Be5 Kd5 39. Bc7 Kc5 40. g3
Ne7 41. Bxa5 Nd5 42. Bd8 Ne3 43. Be7+ Kd5 44. Bxb4 Nf1 45. Be1 1-0

[Event "Julian Mazur Memorial"]
[Site "Wellington Chess Club"]
[Date "2013.11.21"]
[Round "5"]
[White "Rossiter, Philip"]
[Black "Wevita, Roshan"]
[Result "1-0"]
[WhiteElo "1836"]
[BlackElo "1511"]

1. d4 d5 2. c4 e6 3. Nc3 h6 4. Nf3 Nc6 5. Bf4 Nf6 6. e3 b6 7. Rc1 Bb7 8. Bd3
Bd6 9. Bxd6 Qxd6 10. a3 O-O 11. O-O Na5 12. Nb5 Qe7 13. cxd5 c6 14. dxc6 Nxc6
15. Qe2 a6 16. Nc3 Rfd8 17. Ne4 e5 18. Nxf6+ Qxf6 19. dxe5 Nxe5 20. Nxe5 Qxe5
21. f4 Qd5 22. Rfd1 Qe6 23. Rc7 Ra7 24. Bh7+ Kxh7 25. Rxd8 Ra8 26. Rdd7 Bd5 27.
Rxf7 Rg8 28. Rfe7 Qf5 29. e4 Qxf4 30. exd5 Qd4+ 31. Kh1 Rf8 32. Rxg7+ Qxg7 33.
Rxg7+ Kxg7 34. h3 Rf5 35. d6 Rd5 36. Qe7+ Kg6 37. Qe6+ 1-0

[Event "Julian Mazur Memorial"]
[Site "Wellington Chess Club"]
[Date "2013.11.21"]
[Round "5"]
[White "Stone, Andrew"]
[Black "Ker, Anthony"]
[Result "0-1"]
[WhiteElo "2076"]
[BlackElo "2422"]

1. e4 d6 2. d4 Nf6 3. Nc3 g6 4. Nf3 Bg7 5. Be2 O-O 6. h3 a6 7. O-O b5 8. e5
Nfd7 9. Bf4 Nc6 10. exd6 cxd6 11. Qd2 Re8 12. Bh6 Bh8 13. Bg5 Bb7 14. Rad1 Rc8
15. Rfe1 Na5 16. Qf4 Nc4 17. Bxc4 Rxc4 18. Ne4 f6 19. Bh6 Rxc2 20. Nfg5 fxg5
21. Qg4 Bd5 22. Bxg5 Nf6 {fs} 0-1

[Event "Julian Mazur Memorial"]
[Site "Wellington Chess Club"]
[Date "2013.11.21"]
[Round "5"]
[White "Timergazi, Layla"]
[Black "Tionko, Efrain"]
[Result "1/2-1/2"]
[WhiteElo "1889"]
[BlackElo "1844"]

1. d4 Nf6 2. c4 g6 3. Nc3 Bg7 4. e4 d6 5. h3 O-O 6. Be3 Na6 7. Nf3 e5 8. d5 Nc5
9. Nd2 a5 10. Be2 Nfd7 11. g4 b6 12. h4 h6 13. Qc2 Na6 14. Nb3 Kh7 15. Qd2 Ndc5
16. Nxc5 Nxc5 17. Bxc5 bxc5 18. Qd3 Bd7 19. Qg3 Qe7 20. Nd1 Rfb8 21. Rb1 Rb6
22. h5 g5 23. O-O Qf6 24. Qf3 Qf4 25. Nc3 Rab8 26. b3 Rb4 27. Kg2 Bf6 28. Qh3
Bg7 1/2-1/2

[Event "Julian Mazur Memorial"]
[Site "Wellington Chess Club"]
[Date "2013.11.21"]
[Round "5"]
[White "Wastney, Scott"]
[Black "Dive, Russell"]
[Result "0-1"]
[WhiteElo "2447"]
[BlackElo "2421"]

1. e4 e5 2. Nf3 Nf6 3. d4 Nxe4 4. Bd3 d5 5. dxe5 Nc5 6. Be2 Be7 7. O-O O-O 8.
Be3 Nc6 9. Nc3 Be6 10. Bb5 a6 11. Bxc6 bxc6 12. Nd4 Bd7 13. Nb3 Nb7 14. Na4 f6
15. Nac5 Nxc5 16. exf6 Rxf6 17. Nxc5 Bf5 {#Diagram At a glance this position
looks slightly better for White to me. But I note that Houdini has a small but
definite plus for Black. White's trumps are a healthier pawn structure and an
impressive looking outpost square on the hole at c5. Black's trumps are two
bishops, an extra centre pawn and better prospects for his rooks. Possibly my
initial impression (White is better) is flawed because the knight on c5 looks
impressive, but actually isn't doing a lot.} 18. Re1 Rg6 19. Kh1 Bd6 {Already
the two bishops are looking dangerous, and Black will soon have two major
pieces also menacing White's king.} 20. Nb7 $1 {Houdini considers this move
essential, White cashes one of his trumps to ease the pressure and eliminate
the two bishops, at the cost of greatly improving Black's pawn structure.}
20... Qh4 21. Nxd6 cxd6 22. f3 $1 {Another good defensive move, it is very
dangerous to cede an attacking initiative in these positions with opposite
coloured bishops. The reason is that the attacking side effectively has an
extra piece on squares of one colour. So the white squares around White's king
are vulnerable - but f3 controls g4 and allows 2nd rank defence of g2.} 22...
Qc4 23. b3 Qb4 24. Re2 Re8 25. Bc5 Qb8 26. Ba7 Qc8 27. Rxe8+ Qxe8 28. Bf2 Re6
{#Diagram To the human eye Black has been pushing White around and has made a
lot of progress since the last diagram. Surprisingly Houdini rates the position
as dead even, but probably this is just a reflection of its renowned ability to
hold (or even escape - Houdini like) passive positions.} 29. c3 {Houdini
disapproves, I think because it wants the option of playing Rc1 and Kg1-f1 to
secure e2 and repel an invasion.} 29... Re2 30. Bg3 Qe3 31. Qd4 Qxd4 32. cxd4
c5 33. Bxd6 cxd4 {#Diagram Another transformation of advantages. Even in our
first diagram a key feature was the extra Black centre pawn, and throughout the
middle game that has been a key factor, basically creating the extra elbow room
Black's pieces have been enjoying. Now Black has two extra centre pawns,
controlling a bunch of vital squares around the centre of the board. Control of
the centre is a fundamental concept underlying chess strategy. Of course the
two centre pawns are doubled and isolated, so that they cannot defend each
other. This would make them weak and a liability if White could bring forces to
bear on them. Not the case here. Botvinnik I believe was the first author to
describe how an apparently weak pair of centre pawns like this could in fact be
a great source of strength. Although Houdini only gives Black a modest plus
here, I think only super-human defence could possibly save White in this
position  } 34. Bb4 d3 35. Kg1 h5 36. Kf1 Kf7 37. Ba5 g5 38. h3 g4 39. hxg4
hxg4 40. Kg1 $2 gxf3 ( {Already } 40... d2 $1 {wins for tactical reasons} 41.
Rd1 g3 42. Bxd2 Bc2) 41. gxf3 Kg6 {Instead Black wraps up by tightening the
squeeze and penetrating with his King, classic endgame strategy} 42. Bb4 Kg5
43. Rf1 Kf4 44. Bf8 d2 45. Bb4 Bc2 46. Bxd2+ Rxd2 0-1

[Event "Julian Mazur Memorial"]
[Site "Wellington Chess Club"]
[Date "2013.11.21"]
[Round "5"]
[White "Wilkins, Mark"]
[Black "Kay, Bruce"]
[Result "0-1"]
[WhiteElo "1901"]
[BlackElo "1825"]

1. d4 Nf6 2. Bg5 Ne4 3. Bf4 d5 4. f3 Nf6 5. e3 e6 6. Bd3 c5 7. Ne2 c4 8. Bxc4
dxc4 9. c3 Bd7 10. Nd2 Qc8 11. e4 Be7 12. O-O O-O 13. Ng3 b5 14. Bg5 h6 15.
Bxf6 Bxf6 16. e5 Be7 17. Nde4 f5 18. exf6 Bxf6 19. Nh5 Be7 20. Qd2 Nc6 21. Rae1
Qe8 22. Nf4 Qf7 23. g3 Rac8 {Black won in 42 moves} 0-1

[Event "Julian Mazur Memorial"]
[Site "Wellington Chess Club"]
[Date "2013.11.28"]
[Round "6"]
[White "Brockway, Andrew"]
[Black "Aldridge, Alan"]
[Result "0-1"]
[WhiteElo "1769"]
[BlackElo "1990"]

1. e4 e5 2. Nf3 Nc6 3. Bb5 a6 4. Bxc6 dxc6 5. O-O f6 6. d4 Bg4 7. dxe5 fxe5 8.
Qxd8+ Rxd8 9. Nxe5 Be2 10. Re1 Bb4 11. c3 Bc5 12. Nd2 Bd3 13. Nxd3 (13. Nb3 Bb6
(13... Be7 14. Nd4 Bb5 15. a4 c5 16. Ne6) 14. Rd1 Nf6) 13... Rxd3 14. Nb3 Bb6
15. Bg5 h6 16. Bh4 g5 17. Bg3 Nf6 18. Rad1 Rxd1 19. Rxd1 O-O 20. Re1 h5 21. h4
g4 22. Nd4 Rd8 23. e5 Ne8 24. e6 Bxd4 25. cxd4 Rxd4 26. Be5 Rd5 27. f4 gxf3 28.
gxf3 Kf8 29. f4 Nd6 30. Re2 Ke7 31. Bc3 Nf5 32. Kf2 c5 33. Be5 Kxe6 34. Bxc7+
Kd7 35. Be5 Nxh4 36. Bf6 Nf5 37. Re5 Rxe5 38. Bxe5 Ke6 39. Kf3 Kd5 40. Bf6 b5
41. Bc3 Nd4+ 42. Kg3 Ne2+ 43. Kh4 Nxf4 44. Kg5 Ke4 45. Bd2 Nd3 46. Kxh5 Nxb2
47. Bc1 Nd3 48. Bd2 b4 49. Kg4 c4 50. a3 0-1

[Event "Julian Mazur Memorial"]
[Site "Wellington Chess Club"]
[Date "2013.11.28"]
[Round "6"]
[White "Cunningham, Patrick"]
[Black "Stoeveken, Peter"]
[Result "0-1"]
[WhiteElo "1590"]
[BlackElo "1910"]

1. e4 e6 2. d4 d5 3. Bd3 c5 4. exd5 Qxd5 5. Qf3 Qxd4 6. Ne2 Qf6 7. Bb5+ Nd7 8.
Bxd7+ Kxd7 9. Qd3+ Bd6 10. Nbc3 Qe7 11. Be3 Ke8 12. O-O-O Bc7 13. Ne4 b6 14.
Nd6+ Bxd6 15. Qxd6 Qxd6 16. Rxd6 Ke7 17. Rhd1 Nf6 18. Bg5 h6 19. Bxf6+ gxf6 20.
Nc3 Ba6 21. Rd7+ Kf8 22. Ne4 Kg7 23. Nd6 Rhf8 24. c4 Bc8 25. Rc7 e5 26. Rd3 Be6
27. b3 Rad8 28. Rg3+ Kh7 29. Ne4 Rd4 30. Nxf6+ Kh8 31. Rxa7 Rfd8 32. Kb2 Rd2+
33. Kc3 Rxf2 34. Ne4 Re2 35. Nf6 Bf5 36. b4 Rc2+ 37. Kb3 Rcd2 38. Nd5 b5 39.
bxc5 bxc4+ 40. Kxc4 R2xd5 41. c6 Bd3+ 42. Rxd3 Rxd3 43. Rxf7 R8d4+ 44. Kc5 Rc3+
45. Kb6 Rdc4 46. c7 e4 47. Rd7 Rxc7 48. Rxc7 Rxc7 49. Kxc7 e3 50. a4 e2 51. a5
e1=Q 52. Kb6 Qb4+ 0-1

[Event "Julian Mazur Memorial"]
[Site "Wellington Chess Club"]
[Date "2013.11.28"]
[Round "6"]
[White "Dive, Russell"]
[Black "Pomeroy, Arthur"]
[Result "1/2-1/2"]
[WhiteElo "2421"]
[BlackElo "2113"]

1. Nf3 g6 2. c4 Bg7 3. Nc3 d6 4. g3 Nc6 5. Bg2 e5 6. O-O Nh6 7. d3 O-O 8. Rb1
f5 9. Bd2 f4 10. b4 Nf5 11. b5 Ncd4 12. e3 fxe3 13. fxe3 Ne6 14. Qe2 c6 15.
bxc6 bxc6 16. Ne1 Bd7 17. Nc2 a5 18. Be1 h5 19. Bf2 Qc7 20. h3 Rab8 21. g4 hxg4
22. hxg4 Rxb1 23. Rxb1 Nh6 24. Ne4 d5 25. cxd5 cxd5 26. g5 dxe4 27. gxh6 Bxh6
28. Bxe4 Ng5 29. Bd5+ Be6 30. Bxe6+ Nxe6 31. Ne1 Ng5 32. Bh4 Qf7 33. Bxg5 Bxg5
34. Ng2 Qf5 35. Rf1 Qxf1+ 36. Qxf1 Rxf1+ 37. Kxf1 Kf7 38. Kf2 Ke6 39. Kf3 Kd5
40. Ne1 Bh6 41. Nc2 Bg5 42. Na3 Be7 43. Nb5 Bb4 44. Nc7+ Kd6 45. Na6 Bd2 46.
Ke4 g5 47. d4 exd4 48. exd4 Bb4 49. Kf5 Kd5 50. Kxg5 Kxd4 {#Diagram With two
slow moving and offside pieces, White's position is precarious. He holds, but
only just!} 51. Kf5 Kc3 52. Ke4 Ba3 53. Nb8 Kb2 54. Kd3 Kxa2 55. Kc2
Bc5 56. Nc6 a4 57. Ne5 Ka3 58. Nc4+ Kb4 59. Nb2 1/2-1/2

[Event "Julian Mazur Memorial"]
[Site "Wellington Chess Club"]
[Date "2013.11.28"]
[Round "6"]
[White "Farrington, Lawrence"]
[Black "Timergazi, Layla"]
[Result "0-1"]
[WhiteElo "1761"]
[BlackElo "1889"]

1. e4 c6 2. d4 d5 3. exd5 cxd5 4. c4 Nf6 5. Nc3 Nc6 6. Bg5 dxc4 7. d5 Ne5 8.
Qd4 Nd3+ 9. Bxd3 cxd3 10. Nf3 g6 11. Bxf6 exf6 12. O-O Be7 13. Qxd3 O-O 14.
Rac1 Bf5 15. Qd4 g5 16. Rfd1 Bd6 17. Nb5 Bf4 18. Rc4 a6 19. Nc3 Re8 20. d6 Re6
21. Qc5 Bc2 22. Rd5 b5 23. Rcd4 Rc8 24. Qb4 Rb8 25. g3 a5 26. Qc5 g4 27. Rxf4
gxf3 28. Rxf3 Re1+ 29. Kg2 b4 30. Nb5 Be4 31. Rf5 Bxf3+ 32. Rxf3 Re5 33. Qc7
Rexb5 34. Qe7 Qxe7 35. dxe7 Re8 36. Rxf6 Rxe7 37. a4 bxa3 38. bxa3 Rb3 39. a4
Re4 0-1

[Event "Julian Mazur Memorial"]
[Site "Wellington Chess Club"]
[Date "2013.11.28"]
[Round "6"]
[White "Forster, Bill"]
[Black "Wastney, Scott"]
[Result "1/2-1/2"]
[WhiteElo "2071"]
[BlackElo "2447"]

1. Nf3 d5 2. c4 e6 3. g3 Nf6 4. Bg2 Be7 5. O-O O-O 6. d4 dxc4 7. Na3 {It turns
out that this move scores well in this position, making it a very respectable
sideline. I knew the idea from an Anand-Topalov world championship game -
basically White gives up a pawn and accepts doubled isolated rooks pawns for
central superiority and attacking chances. Look this position up in your
database and you'll find some nice attacking games.} 7... Bxa3 8. bxa3 Nd5 9.
e4 Nb6 10. Bb2 Bd7 11. Rc1 Na6 12. Qe2 Qe7 13. Ne5 Bb5 14. Rfd1 f6 15. Ng4 c6
16. Qd2 Na4 17. h4 c3 18. Bxc3 Qxa3 19. h5 Nxc3 20. Rxc3 Qe7 21. h6 gxh6 22.
Nxh6+ Kh8 23. g4 Rad8 24. Rg3 Ba4 25. Rc1 Qb4 26. Qxb4 Nxb4 27. Rc4 {I thought
I was winning a piece!} 27... a5 $1 {Bugger, now I saw my intended a3 doesn't
do anything, and I am in danger of losing routinely on material. Oh well the
rest of the game is all about me trying to desperately complicate.
Surprisingly, it works (just)} 28. g5 Bb5 29. Rcc3 f5 30. g6 Kg7 31. Nf7 hxg6
32. Nxd8 Rxd8 33. a3 Na6 34. exf5 exf5 35. Rge3 Kf6 36. Rc1 Rxd4 37. Rce1 Nc5
38. Re8 a4 39. Rb8 Rg4 40. Kh2 Nd3 41. Ree8 Ba6 42. Bf1 Rh4+ 43. Kg3 Rh7 44.
Bxd3 Bxd3 45. f4 Be4 46. Rbd8 Re7 47. Rf8+ Ke6 48. Rg8 Rd7 49. Rxg6+ Ke7 50.
Rxd7+ Kxd7 51. Rg7+ {#Diagram} 51... Kd6 $5 {Bravely seeking the full point -
Scott has seen me play endings before so he presumably knew the risk was not
too great!} 52. Rxb7 Kd5 53. Kf2 c5 54. Ke3 Kc4 55. Rb8 Kc3 56. Rb6 Bc2 57. Rb8
Bb3 58. Rf8 Bc2 59. Rb8 Bb3 60. Rf8 Bc2 61. Rb8 Be4 62. Rb6 Bc2 63. Rb8 Bb3 64.
Rf8 Kb2 65. Rxf5 c4 66. Rc5 Kxa3 {#Diagram} 67. Kd4 $2 (67. f5 {I needed to get
my trump running right away - that way I can win the bishop on f7 and get the
rook back to save the day - just eg} 67... Kb2 68. f6 c3 69. Rc7 a3 70. f7 Bxf7
71. Rxf7 a2 72. Rb7+ Kc1 73. Ra7 c2 74. Rxa2 Kb1 75. Rxc2 Kxc2) 67... Kb2 68.
f5 {too late} 68... a3 69. f6 a2 $2 {Whoops, Scott lets me off with a warning}
(69... c3 $1 {wins} ) 70. f7 a1=Q 71. f8=Q Qg1+ 72. Ke5 Qe3+ 73. Kd6 c3 74. Qf6
Qg3+ 75. Qe5 Qg6+ 76. Ke7 Qf7+ 77. Kd6 Bc4 78. Qh2+ c2 79. Qh8+ Kb1 80. Qb8+
Kc1 81. Qb4 Qf4+ 82. Ke7 Qe3+ 83. Kd6 Be2 84. Rxc2+ Kxc2 85. Qc5+ Qxc5+ 86.
Kxc5 1/2-1/2

[Event "Julian Mazur Memorial"]
[Site "Wellington Chess Club"]
[Date "2013.11.28"]
[Round "6"]
[White "Kay, Bruce"]
[Black "Nyberg, Michael"]
[Result "0-1"]
[WhiteElo "1825"]
[BlackElo "2027"]

1. d4 Nf6 2. c4 g6 3. Nc3 d5 4. cxd5 Nxd5 5. e4 Nxc3 6. bxc3 Bg7 7. Bc4 c5 8.
Ne2 Qa5 9. O-O O-O 10. Be3 Nc6 11. Rb1 a6 12. a4 Rd8 13. Qb3 e6 14. Rfd1 cxd4
15. cxd4 Qc7 16. Qb6 Qxb6 17. Rxb6 Nxd4 18. Rbb1 e5 19. Nc3 Bg4 20. f3 Rac8 21.
Bg5 Bxf3 22. Bxd8 Bxd1 23. Nxd1 Rxc4 24. Ne3 Rc1+ 25. Rxc1 Ne2+ 26. Kf2 Nxc1
27. a5 Nd3+ 28. Kf3 Nc5 29. Nc4 f5 30. exf5 gxf5 31. Bb6 Ne6 32. Nd6 e4+ 33.
Ke3 Bh6+ 34. Ke2 Nf4+ 0-1

[Event "Julian Mazur Memorial"]
[Site "Wellington Chess Club"]
[Date "2013.11.28"]
[Round "6"]
[White "Ker, Anthony"]
[Black "Jackson, Ross"]
[Result "1-0"]
[WhiteElo "2422"]
[BlackElo "1990"]

1. e4 c5 2. c3 Nf6 3. e5 Nd5 4. Nf3 e6 5. d4 cxd4 6. cxd4 Nc6 7. Bc4 Nb6 8. Bb3
d5 9. O-O Be7 10. Nc3 Bd7 11. Re1 Na5 12. Bc2 Nbc4 {Can't read the rest. White
won} 1-0

[Event "Julian Mazur Memorial"]
[Site "Wellington Chess Club"]
[Date "2013.11.28"]
[Round "6"]
[White "Konakanchi, Karthik"]
[Black "Pandey, Alok"]
[Result "0-1"]
[WhiteElo "927"]
[BlackElo "1901"]

1. e4 c5 2. Nf3 Nc6 3. Be2 g6 4. O-O Bg7 5. c3 d6 6. d4 Nf6 7. e5 dxe5 8. dxe5
Qxd1 9. Rxd1 Ng4 10. Bf4 Ngxe5 11. Bxe5 Nxe5 12. Nxe5 Bxe5 13. Bb5+ Kf8 14.
Rd8+ Kg7 15. Rd5 Bd6 16. Na3 a6 17. Be2 Be6 18. Rd2 b5 19. c4 b4 20. Nc2 Be5
21. Rb1 Rhd8 22. b3 Rxd2 23. Bd1 Bf5 24. Rc1 Bb2 25. Rb1 Bxc2 26. Bxc2 Rxc2 27.
h3 Bd4 28. Rf1 Rxa2 29. g4 Rb2 30. Kg2 Rxb3 31. f3 Rb2+ 32. Kg3 Re2 33. h4 a5
34. Ra1 Bxa1 0-1

[Event "Julian Mazur Memorial"]
[Site "Wellington Chess Club"]
[Date "2013.11.28"]
[Round "6"]
[White "List, Robert"]
[Black "Stone, Andrew"]
[Result "0-1"]
[WhiteElo "1702"]
[BlackElo "2076"]

1. e4 e5 2. Nf3 Nc6 3. d4 exd4 4. Nxd4 Bc5 5. Nf5 Qf6 6. Qd5 d6 7. Bb5 Ne7 8.
Bxc6+ bxc6 9. Qd3 Nxf5 10. exf5 Bxf5 11. Qf3 O-O 12. O-O Qg6 13. Nc3 d5 14. Bf4
Bd6 15. Bg3 Rab8 16. b3 Bxc2 17. Bxd6 cxd6 18. Rac1 d4 19. Nb1 Be4 20. Qg3 Bxb1
21. Rxb1 Qxg3 22. fxg3 Rfe8 23. Rf2 Re4 24. a3 a5 25. Rf4 Rxf4 26. gxf4 c5 27.
Kf2 f5 28. Ke2 Kf7 29. Kd2 c4 30. b4 axb4 31. axb4 Ke6 32. b5 Kd5 33. b6 Kc6
34. Rb4 d5 35. h3 Rxb6 36. Ra4 Rb2+ 0-1

[Event "Julian Mazur Memorial"]
[Site "Wellington Chess Club"]
[Date "2013.11.28"]
[Round "6"]
[White "Sellen, Ian"]
[Black "Rossiter, Philip"]
[Result "1/2-1/2"]
[WhiteElo "2072"]
[BlackElo "1836"]

1. c4 e5 2. Nc3 Nc6 3. Nf3 d6 4. g3 g6 5. Bg2 Bg7 6. O-O Nge7 7. d3 O-O 8. e4
h6 9. Rb1 Be6 10. b4 Qd7 11. b5 Nd8 12. Nd5 c6 13. Nxe7+ Qxe7 14. Be3 c5 15.
Qd2 Kh7 16. h4 Qd7 17. Kh2 f5 18. exf5 Bxf5 19. Ng1 Ne6 20. f3 Nd4 21. Ne2 Be6
22. Nc3 Nf5 23. Bf2 Nd4 24. Bg1 Qe7 25. Ne4 Rf7 26. Bxd4 cxd4 27. Qb4 Rd8 28.
Rh1 b6 29. Kg1 Kg8 30. h5 g5 31. Qd2 d5 32. cxd5 Bxd5 33. Rf1 Bxe4 34. fxe4
Rxf1+ 35. Bxf1 Qc5 36. Qb2 Qc3 37. Qb1 Rf8 38. Rh2 Rc8 39. Rf2 g4 40. Qd1 Rf8
41. Rxf8+ Kxf8 42. Qxg4 Qe1 43. Qf3+ Ke7 44. Qf2 Qxf2+ 45. Kxf2 Bf6 46. Kf3 Bg5
47. Bh3 Bc1 48. Bf5 Kf6 49. Ke2 Ke7 50. Kd1 Bg5 51. Kc2 Kd6 52. Kb3 Kc5 53. Bd7
1/2-1/2

[Event "Julian Mazur Memorial"]
[Site "Wellington Chess Club"]
[Date "2013.11.28"]
[Round "6"]
[White "Sknar, Andrew"]
[Black "Aumeier, Beate"]
[Result "1-0"]
[WhiteElo "1370"]
[BlackElo "992"]

1. e4 e5 2. Nf3 Nc6 3. d4 d5 4. Nc3 Bb4 5. exd5 Bxc3+ 6. bxc3 Qxd5 7. Be3 e4 8.
Nd2 Nf6 9. h3 Be6 10. c4 Qa5 11. d5 Bxd5 12. cxd5 Nxd5 13. Qg4 Qc3 14. Qxe4+
Nce7 15. Bd4 Qa5 16. Bd3 f5 17. Qe5 O-O-O 18. c3 Rhe8 19. O-O g6 20. Nb3 Nc6
21. Qg3 Qa4 22. Nc5 Qa5 23. Rfb1 b6 24. Rb5 Re1+ 25. Kh2 Rxa1 26. Rxa5 Nxa5 27.
Ne6 Rd6 28. c4 Nb4 29. Bxa1 Nxd3 30. Nf4 Nxf4 31. Qxf4 1-0

[Event "Julian Mazur Memorial"]
[Site "Wellington Chess Club"]
[Date "2013.11.28"]
[Round "6"]
[White "Theodosiou, Andreas"]
[Black "Wilkins, Mark"]
[Result "0-1"]
[WhiteElo "1365"]
[BlackElo "1901"]

1. e4 c6 2. Nf3 d5 3. Nc3 Bg4 4. Be2 e6 5. Ne5 Bxe2 6. Qxe2 Nf6 7. d3 d4 8. Nd1
Qa5+ 9. c3 Qxe5 10. f4 Qa5 11. O-O c5 12. e5 Nd5 13. cxd4 cxd4 14. Bd2 Bb4 15.
Rc1 Nc6 16. Bxb4 Qxb4 17. f5 Ne3 18. Nxe3 dxe3 19. fxe6 fxe6 20. Qf3 O-O-O 21.
Rc4 Qb6 22. Rfc1 Kc7 23. Qf7+ Rd7 24. Qxe6 e2+ 25. Rc5 Qxc5+ 26. Rxc5 e1=Q# 0-1

[Event "Julian Mazur Memorial"]
[Site "Wellington Chess Club"]
[Date "2013.11.28"]
[Round "6"]
[White "Tionko, Efrain"]
[Black "Roberts, Michael"]
[Result "1-0"]
[WhiteElo "1844"]
[BlackElo "1781"]

1. e4 e5 2. Nf3 Nc6 3. Bb5 a6 4. Ba4 Nf6 5. d3 Be7 6. c3 d6 7. Nbd2 O-O 8. h3
Bd7 9. Nf1 b5 10. Bc2 b4 11. g4 bxc3 12. bxc3 Re8 13. Ng3 g6 14. g5 Nh5 15.
Nxh5 gxh5 16. Nd2 Bxg5 17. Rg1 Kh8 18. Qxh5 Rg8 19. Ke2 Qe7 20. Nf3 Bxc1 21.
Raxc1 f6 22. Nh4 Qe8 23. Rxg8+ Qxg8 24. Bb3 Be8 25. Qg4 Qxg4+ 26. hxg4 Ne7 27.
f3 a5 28. Nf5 Ng6 29. Ne3 Nf4+ 30. Kd2 Kg7 31. Rb1 Rb8 32. Bc2 Rxb1 33. Bxb1
Kf7 34. Nc4 a4 35. Bc2 Ne6 36. Nb2 Nc5 37. d4 exd4 38. cxd4 Na6 39. Bxa4 Bxa4
40. Nxa4 c5 41. d5 Nc7 42. Nb6 Ke7 43. Nc4 Nb5 44. a4 Nd4 45. Ke3 Kd7 46. a5
Kc7 47. f4 Nb5 48. e5 fxe5 49. fxe5 dxe5 50. Ke4 Kd7 51. Nxe5+ Kd6 52. Nc4+ Kd7
53. Ke5 Ke7 54. d6+ Kd7 55. Kd5 Nc3+ 1-0

[Event "Julian Mazur Memorial"]
[Site "Wellington Chess Club"]
[Date "2013.11.29"]
[Round "6"]
[White "Wight, Joshua"]
[Black "Marney, John"]
[Result "0-1"]
[WhiteElo "1231"]
[BlackElo "1600"]
[TimeControl "4500+30"]

1. e4 e6 2. d4 d5 3. Nc3 Nf6 4. Bg5 Be7 5. Nf3 Nxe4 6. Bxe7 Nxc3 7. Bxd8 Nxd1
8. Rxd1 Kxd8 9. Ng5 Ke7 10. c4 c6 11. Bd3 h6 12. Nf3 Nd7 13. O-O Nf6 14. cxd5
Nxd5 15. Ne5 Bd7 16. f4 Ne3 17. Rde1 Nxf1 18. Rxf1 Rad8 19. Re1 Bc8 20. Re4 c5
21. dxc5 Bd7 22. Rc4 Bb5 23. Rc3 Bxd3 24. Nxd3 f6 25. b4 Rd4 26. Kf2 Rhd8 27.
Ke3 g5 28. g3 Kf7 29. b5 Kg6 30. c6 bxc6 31. bxc6 R4d6 32. fxg5 hxg5 33. g4 Rc8
34. Nb4 Rc7 35. a4 f5 36. Nd3 Kf6 37. gxf5 exf5 38. Nb4 Ke7 39. Rd3 Rxd3+ 40.
Kxd3 Kd6 41. Kd4 Re7 42. Nc2 Kxc6 43. Ne3 Rxe3 44. Kxe3 Kc5 45. h3 a5 46. Kd3
Kb4 47. Kd4 Kxa4 48. Ke5 Kb5 49. Kxf5 a4 0-1

[Event "Julian Mazur Memorial"]
[Site "Wellington Chess Club"]
[Date "2013.11.31"]
[Round "3"]
[White "Marney, John"]
[Black "Stoeveken, Peter"]
[Result "0-1"]
[WhiteElo "1600"]
[BlackElo "1910"]
[TimeControl "4500+30"]

1. e4 e6 2. d4 d5 3. Nc3 Bb4 4. e5 c5 5. f4 Qb6 6. Nf3 Nc6 7. Be3 Nge7 8. a3
Nf5 9. dxc5 Bxc5 10. Bxc5 Qxc5 11. Qd2 Ne3 12. Qf2 d4 13. Ne4 Qxc2 14. Nd6+ Ke7
15. Nxd4 Qxf2+ 16. Kxf2 Nxd4 17. Kxe3 Nc2+ 18. Kd3 Nxa1 19. Kc3 Bd7 20. b4
Rac8+ 21. Bc4 Rc7 22. Rxa1 b5 23. Rd1 bxc4 24. b5 f6 25. a4 fxe5 26. fxe5 Rf8
27. Rd2 Rc5 28. Nxc4 Rf4 29. Rd4 Rxd4 30. Kxd4 Rd5+ 31. Ke4 Be8 32. Na5 Bg6+
33. Kf4 Rd4+ 34. Kg3 Rxa4 0-1